Every Star Trek Episode by Word (1966-2025) - Statistics

General Stats
  • This quiz has been taken 39 times
  • The average score is 1196 of 2387
Answer Stats
Answer % Correct
--
100%
______
100%
A
100%
a
100%
Ã
100%
I
100%
He
97%
Me
97%
Men
97%
on
97%
The
97%
the
97%
Who
97%
an
94%
An
94%
Man
94%
No
94%
Of?
94%
of
94%
Of
94%
Time
94%
X
94%
Be
90%
Go
90%
in
90%
In
90%
to
90%
To
90%
What
90%
Are
87%
Do
87%
Star
87%
Where
87%
for
84%
For
84%
Gone
84%
Si
84%
1
81%
Girl
81%
Has
81%
Hear
81%
II
81%
II:
81%
Mad
81%
Menagerie
81%
Part
81%
Q
81%
Space
81%
V:
81%
Whom
81%
Ad
77%
and
77%
And
77%
Before
77%
Cage
77%
Girls
77%
Her
77%
is
77%
Is
77%
Made
77%
Naked
77%
Ro
77%
Women
77%
at
74%
At
74%
By
74%
Charlie
74%
Child
74%
Dark
74%
King
74%
Little
74%
Mind
74%
One
74%
VI:
74%
War
74%
When
74%
with
74%
World
74%
All
71%
As
71%
as
71%
Day
71%
Devil
71%
Earth
71%
Enemy
71%
III:
71%
III
71%
IV:
71%
Last
71%
Mudd
71%
Return
71%
Seven
71%
Terror
71%
Trap
71%
Tribble
71%
Amok
68%
Dead
68%
Enterprise
68%
Far
68%
First
68%
Good
68%
Leave
68%
New
68%
Now
68%
Out
68%
Planet
68%
Ship
68%
Spock
68%
This
68%
Trouble
68%
Within
68%
Year
68%
Yesterday
68%
City
65%
Code
65%
Dagger
65%
Edge
65%
Final
65%
Front
65%
Frontier
65%
Game
65%
Honor
65%
Journey
65%
Light
65%
Mourns
65%
Mudd's
65%
or
65%
Sky
65%
Stars
65%
There
65%
Tom
65%
Tomorrow
65%
Tribbles
65%
Voyage
65%
Win
65%
Ado
61%
Babel
61%
Battle
61%
Beyond
61%
Children
61%
Conscience
61%
Data
61%
Ensign
61%
Ex
61%
Eye
61%
Facto
61%
Forever
61%
Have
61%
Home
61%
Long
61%
Measure
61%
Miri
61%
Mirror
61%
Para
61%
Search
61%
Seed
61%
Side
61%
That
61%
Trek:
61%
Trek
61%
Up
61%
Vis
61%
Wolf
61%
Wrath
61%
You
61%
Adonais?
58%
Annihilate!
58%
Archons
58%
Arma
58%
Beauty?
58%
Beauty
58%
Country
58%
Encounter
58%
Evil
58%
Factor
58%
Fold
58%
Gun
58%
Heart
58%
Hollow
58%
Khan
58%
Life
58%
Matter
58%
Name
58%
Operation
58%
Our
58%
Paradise
58%
Pen
58%
Sin...
58%
Touch
58%
Us
58%
Worlds
58%
World's
58%
Action
55%
Among
55%
Angel
55%
Any
55%
Balance
55%
Best
55%
Borg
55%
Command
55%
Contact
55%
Con-tact
55%
Due
55%
Ensigns
55%
Face
55%
Farpoint
55%
Galileo
55%
Gothos
55%
Human
55%
Maneuver
55%
Motion
55%
Other
55%
per
55%
Picture
55%
Piece
55%
Red
55%
Remember
55%
Spock's
55%
Squire
55%
Too
55%
Touched
55%
Truth
55%
Truth?
55%
Vulcan
55%
Yesterdays
55%
Yesterday's
55%
Arena
52%
Armageddon
52%
Battlefield
52%
Both
52%
Brain
52%
Change
52%
Corbomite
52%
Court
52%
Datalore
52%
Dear
52%
Death
52%
Duet
52%
Element
52%
Elementary
52%
Fear
52%
Glory
52%
God
52%
How
52%
Incident
52%
Inner
52%
It
52%
Lonely
52%
More
52%
Not
52%
Once
52%
Outpost
52%
Private
52%
Prophet
52%
Prophets
52%
Silence
52%
Spectre
52%
Survives
52%
Survivor
52%
Survivors
52%
Syndrome
52%
Taste
52%
Tin
52%
Undiscovered
52%
Unification
52%
Upon
52%
Way
52%
Wink
52%
Your
52%
11001001
48%
Age
48%
Alter
48%
Always
48%
Beholder
48%
Bottle
48%
Cloud
48%
Destroy
48%
End
48%
Evolution
48%
Family
48%
Gray
48%
Grey
48%
Ground
48%
Hand?
48%
Hide
48%
Imperfect
48%
Justice
48%
Ladder
48%
Lead
48%
Lease
48%
Let
48%
Magic
48%
Martial
48%
Mercy
48%
Nemesis
48%
Neutral
48%
Omega
48%
Outrageous
48%
Paris
48%
Planets
48%
Schizoid
48%
Shore
48%
Step
48%
Take
48%
Terra
48%
Than
48%
Tooth
48%
Triskelion
48%
Watch
48%
We'll
48%
Which
48%
Zone
48%
Alternative
45%
Apple
45%
Arrow
45%
Big
45%
Blood
45%
Bough
45%
Breaks
45%
Care
45%
Catspaw
45%
Coming
45%
Conspiracy
45%
Curtain
45%
Data's
45%
Datas
45%
Deadly
45%
Deja
45%
Doomsday
45%
Eden
45%
Effect
45%
Emissary
45%
Errand
45%
Farthest
45%
Fight
45%
Force
45%
Gamesters
45%
Gods
45%
Goodbye
45%
Haven
45%
Hope
45%
Icarus
45%
Inter
45%
Line
45%
Loss
45%
Machine
45%
Mind's
45%
Missing
45%
Mission
45%
Next
45%
Night
45%
Okona
45%
Pals
45%
Prime
45%
Pursuit
45%
Redemption
45%
Season
45%
Shades
45%
Shall
45%
Short
45%
Skin
45%
Squared
45%
Symbiosis
45%
Things...
45%
Things
45%
Troi
45%
Troubles
45%
Turnabout
45%
Watches
45%
Arsenal
42%
Assignment:
42%
Assignment
42%
Bem
42%
Bread
42%
Brother
42%
Cause
42%
Changeling
42%
Circuses
42%
Counter-Clock
42%
Dauphin
42%
Defector
42%
Demon
42%
Die
42%
Dove
42%
Father
42%
Freedom
42%
Friday's
42%
Future
42%
Hands
42%
Hell
42%
Immunity
42%
Inside
42%
Intruder
42%
Lines
42%
Minders
42%
Morn?
42%
Passion
42%
Past
42%
Patterns
42%
Perspective
42%
Plato's
42%
Point
42%
Price
42%
Pursuits
42%
Real
42%
Requiem
42%
Savage
42%
Second
42%
Serpent's
42%
Shadow
42%
Sharper
42%
Soil
42%
Strange
42%
Theory
42%
Time's
42%
Watcher
42%
Watchers
42%
Whisper
42%
Years
42%
2
39%
Bonding
39%
Booby
39%
Brothers
39%
Chain
39%
Contagion
39%
Cry
39%
Darkness
39%
Doctor
39%
Fistful
39%
Forest
39%
Hero
39%
High
39%
Hunted
39%
Infinite
39%
Into
39%
Jihad
39%
Legacy
39%
Lorelei
39%
Loud
39%
Magicks
39%
Mark
39%
Megas-Tu
39%
Message
39%
Metamorphosis
39%
Methuselah
39%
Nor
39%
Post
39%
Profit
39%
Reunion
39%
Royale
39%
Samaritan
39%
Signal
39%
Sins
39%
Slaver
39%
Snare
39%
Stepchildren
39%
Vengeance
39%
Weapon
39%
Wounded
39%
Yesteryear
39%
Albatross
35%
Behind
35%
Darmok
35%
Demons
35%
Devil's
35%
Dogs
35%
Flight
35%
Friend
35%
From
35%
Gambit
35%
Generation
35%
Gideon
35%
Half
35%
Lie
35%
Lights
35%
Living
35%
Moon
35%
My
35%
Orion
35%
Peak
35%
People
35%
Pirates
35%
Play
35%
Prologue
35%
Silent
35%
Stone
35%
Suddenly
35%
Tense
35%
Terratin
35%
These
35%
Transfigurations
35%
TRUE
35%
Voyages...
35%
Zero
35%
Alone
32%
Ambergris
32%
Andorian
32%
Bar
32%
Broken
32%
...But
32%
Computer
32%
Drumhead
32%
Duty
32%
Empath
32%
Enim
32%
Green
32%
If
32%
Imperfection
32%
Insurrection
32%
Kings
32%
Leges
32%
Live
32%
Lost
32%
Most
32%
Obsession
32%
Page
32%
Parallax
32%
Performance
32%
Phase
32%
Qpid
32%
Sarek
32%
Selection
32%
Shadows
32%
Son
32%
Sound
32%
Tribunal
32%
Ultimate
32%
Voyager
32%
Web
32%
Were
32%
Will
32%
Without
32%
Zetar
32%
Acquisition
29%
Again
29%
Allegiance
29%
Attached
29%
Barge
29%
Bellum
29%
Binary
29%
Birthright
29%
Blink
29%
Captive
29%
Caretaker
29%
Cast
29%
Civil
29%
Context
29%
Cordially
29%
Darkly
29%
Deck
29%
Descent
29%
Elaan
29%
Equinox
29%
Extreme
29%
Factors
29%
Fair
29%
Forge
29%
Galaxy's
29%
Generations
29%
Hello
29%
His
29%
Holosuite
29%
House
29%
Invited
29%
Joker
29%
Make
29%
Maquis
29%
Mine
29%
Nature
29%
Needle
29%
Pacem
29%
Practical
29%
Project
29%
Quality
29%
Sanest
29%
Sons
29%
Spy
29%
Stand
29%
State
29%
Storm
29%
Tholian
29%
Through
29%
Til
29%
Toys
29%
Unnatural
29%
Wish
29%
12
26%
Angels
26%
Bold
26%
Bound
26%
Bow
26%
Captain's
26%
Changing
26%
Charon
26%
Clues
26%
Cold
26%
Daedalus
26%
Daughter
26%
Daughters
26%
Endgame
26%
Favor
26%
Flesh
26%
Flux
26%
Glass
26%
Holiday
26%
Ice
26%
Jem'Hadar
26%
Manhunt
26%
Obol
26%
Offspring
26%
Pain
26%
Playing
26%
Quark
26%
Realm
26%
Relics
26%
Revulsion
26%
Saints
26%
Schisms
26%
Shattered
26%
Station
26%
Stop
26%
Survival
26%
Tears
26%
Terrors
26%
Troyius
26%
Two
26%
Unimatrix
26%
United
26%
Voice
26%
Whispers
26%
37's
23%
Aenar
23%
After
23%
Alice
23%
Body
23%
Borderland
23%
Business
23%
Butcher's
23%
Cares
23%
Cathexis
23%
Choose
23%
Concerning
23%
Cost
23%
Crossover
23%
Curve
23%
Directive
23%
Disaster
23%
Elogium
23%
Gift
23%
Heroes
23%
Hour
23%
Imaginary
23%
Improbable
23%
Instinct
23%
Killing
23%
Knife
23%
Lamb's
23%
Learning
23%
Lethe
23%
Looking
23%
Measures
23%
Nightingale
23%
Oath
23%
Observer
23%
Over
23%
Penumbra
23%
Preemptive
23%
Projections
23%
Rains...
23%
Renaissance
23%
Rules
23%
Sacrifice
23%
Scorpion
23%
Sight
23%
Small
23%
Someone
23%
Strike
23%
Support
23%
Tenor
23%
Thieves
23%
Tinker
23%
Unexpected
23%
Warrior
23%
Workforce
23%
Aquiel
19%
Ashes
19%
Association
19%
Augments
19%
Awakening
19%
Bashir
19%
Breach
19%
Carbon
19%
Circle
19%
Civilization
19%
Creek
19%
Critical
19%
Degree
19%
Despite
19%
Drive
19%
Drone
19%
Et
19%
Fire
19%
Friends
19%
Friendship
19%
Genesis
19%
Grace
19%
Homefront
19%
Horses
19%
Image
19%
Initiations
19%
It's
19%
Jetrel
19%
Kir'Shara
19%
Liaisons
19%
Masterpiece
19%
Melora
19%
Motive
19%
Move
19%
Nagus
19%
Non
19%
Nova
19%
Nth
19%
Paper
19%
Phage
19%
Power
19%
Rascals
19%
Raven
19%
Rocks
19%
Sand
19%
Sequitur
19%
Shoals
19%
Shockwave
19%
Sickbay
19%
Siege
19%
Society
19%
Soul
19%
Starship
19%
Strong
19%
Wishes
19%
Yourself
19%
Adversary
16%
Affliction
16%
Afterimage
16%
Along
16%
Ambition
16%
Avatar
16%
Basics
16%
Bedfellows
16%
Bounty
16%
Breaking
16%
Cardassians
16%
Cards
16%
Carpenter
16%
Council
16%
Days
16%
Defiant
16%
Divergence
16%
Ethics
16%
Expanse
16%
Faces
16%
Fast
16%
Frame
16%
Future's
16%
Homecoming
16%
Homestead
16%
Host
16%
Hunters
16%
Inheritance
16%
Interface
16%
Lower
16%
Mate
16%
Memory
16%
Meridian
16%
Moonlight
16%
North
16%
Only
16%
Pale
16%
Parallels
16%
Pegasus
16%
P'Jem
16%
Progress
16%
Q-Less
16%
Regeneration
16%
Sacred
16%
Shuttlepod
16%
Silicon
16%
Similitude
16%
Sleeping
16%
Street
16%
Symbols
16%
Teeth
16%
Thunder
16%
Twelve
16%
Vaulting
16%
Vision
16%
Visitor
16%
Wrong
16%
Azati
13%
Badda-Bang
13%
Badda-Bing
13%
Bride
13%
Canamar
13%
Chances
13%
Chosen
13%
Coda
13%
Cogenitor
13%
Coil
13%
Collective
13%
Communicator
13%
Countdown
13%
Crisis
13%
Crossing
13%
Damage
13%
Darker
13%
Dax
13%
Desert
13%
Doctor's
13%
Dragon's
13%
Dramatis
13%
Emanations
13%
Emergence
13%
Engagement
13%
Error
13%
Faith
13%
Fascination
13%
Ferengi
13%
Firma
13%
Fly
13%
Forget
13%
Forgotten
13%
Fortunate
13%
Found
13%
Fury
13%
Haunting
13%
Infinity
13%
Lace
13%
Latent
13%
Law
13%
Lessons
13%
Maneuvers
13%
Method
13%
Minefield
13%
Mortal
13%
Natural
13%
Necessary
13%
Outcast
13%
Parturition
13%
Pathfinder
13%
Perfect
13%
Perpetual
13%
Personae
13%
Place
13%
Prosper
13%
Repression
13%
Rise
13%
River
13%
Rogue
13%
Scientific
13%
Serves
13%
Seventh
13%
Stage
13%
Sub
13%
Trade
13%
Twilight
13%
Twisted
13%
Uniform
13%
Unity
13%
Unto
13%
Valley
13%
Virtuoso
13%
Waltz
13%
Water
13%
What's
13%
Wind
13%
Witness
13%
Worship
13%
Wrongs
13%
Xindi
13%
Apocalypse
10%
Arms
10%
Catwalk
10%
Chaotica!
10%
Chase
10%
Chute
10%
Comet
10%
Connect
10%
Conundrum
10%
Dawn
10%
Decks
10%
Defense
10%
Detained
10%
Disease
10%
Displaced
10%
Down
10%
Ego
10%
Equilibrium
10%
Facets
10%
Fallen
10%
Fever
10%
Folk
10%
Forsaken
10%
Fusion
10%
Ghost
10%
Great
10%
Harbinger
10%
Hatchery
10%
Identity
10%
Indiscretion
10%
Invasive
10%
Journey's
10%
Love
10%
Magnificent
10%
Mars
10%
Memorial
10%
Muse
10%
Nights
10%
Nothing
10%
Old
10%
Orders
10%
Orphan
10%
Passenger
10%
Persistence
10%
Presume
10%
Probabilities
10%
Procedures
10%
Prodigal
10%
Profits
10%
Prophecy
10%
Proving
10%
Random
10%
Remembrance
10%
Repentance
10%
Retrospect
10%
Riddles
10%
Rivals
10%
Rosa
10%
Shepherd
10%
Singularity
10%
Sola
10%
Spirit
10%
Statistical
10%
Storyteller
10%
Stratagem
10%
Swarm
10%
Tacking
10%
Tapestry
10%
Thoughts
10%
Timescape
10%
Treachery
10%
Tsunkatse
10%
Under
10%
Vanishing
10%
Vox
10%
Warlord
10%
Wire
10%
Abandoned
6%
About
6%
Alliances
6%
Alternate
6%
Author
6%
Call
6%
Case
6%
Child's
6%
Course:
6%
Destiny
6%
Distant
6%
Dominion
6%
Duj
6%
Empire
6%
Empok
6%
Explorers
6%
Eyes
6%
Few
6%
Flee
6%
Hippocratic
6%
Horizon
6%
Inferno's
6%
Innocence
6%
Inquisition
6%
Judgment
6%
Kahless
6%
Least
6%
Lineage
6%
Moments
6%
Moral
6%
Much
6%
Oasis
6%
Oblivion
6%
Origin
6%
par'Mach
6%
Parts
6%
Prey
6%
Purgatory's
6%
Resistance
6%
Resolutions
6%
Resurrection
6%
Risk
6%
Sanctuary
6%
Scenario
6%
Section
6%
Soldiers
6%
Sorrow
6%
Such
6%
Sweet
6%
Sword
6%
Tattoo
6%
Threshold
6%
Translation
6%
Trials
6%
Unforgettable
6%
Upper
6%
Usual
6%
Valiant
6%
Void
6%
Waking
6%
Warhead
6%
wej
6%
Worst
6%
31
3%
Accession
3%
Anomaly
3%
Ask
3%
Astra
3%
Beginning
3%
Bliss
3%
Bloodlines
3%
Boimler
3%
Cargo
3%
Caves
3%
Charades
3%
Chimera
3%
Chrysalis
3%
Cloak
3%
Collaborator
3%
Counterpoint
3%
Covenant
3%
Cupid's
3%
Darkling
3%
Dooplers
3%
Dream
3%
Eaters
3%
Elysian
3%
Embarrassment
3%
Errant
3%
Escape
3%
Exile
3%
Extinction
3%
FALSE
3%
Favorite
3%
Field
3%
Firstborn
3%
Fountains
3%
Ghosts
3%
Hard
3%
Heir
3%
Homeward
3%
Impossible
3%
Impulse
3%
Investigation
3%
Investigations
3%
Kingdom
3%
Link
3%
Lotus
3%
Marauders
3%
Masks
3%
Meld
3%
Memento
3%
Mines
3%
Mogh
3%
Moist
3%
Monsters
3%
Moons
3%
Mori
3%
Own
3%
Paradox
3%
Places
3%
Pleasant
3%
Precious
3%
Prototype
3%
Quest
3%
Quickening
3%
Rag
3%
Rajiin
3%
Rapture
3%
Reckoning
3%
Regress
3%
Rejoined
3%
Relativity
3%
Rightful
3%
Rubicon
3%
Runaway
3%
Seek
3%
Shakaar
3%
Shipment
3%
Simple
3%
Songs
3%
Stardust
3%
Stigma
3%
Su'Kal
3%
Supernova
3%
Thaw
3%
Think
3%
Thirty
3%
Those
3%
Tide...
3%
Ties
3%
Timeless
3%
Tribble-ations
3%
Tuvix
3%
Vessel
3%
Violations
3%
Visionary
3%
Voices
3%
Vortex
3%
Wander
3%
02:00
0%
0.499305556
0%
101
0%
80?!
0%
Absolute
0%
Angles
0%
AR-558
0%
Arcadia
0%
Artist
0%
Ascension
0%
Ascent
0%
Aspera
0%
Assimilation
0%
Asylum
0%
Badgeys
0%
Barrier
0%
Begotten
0%
Blaze
0%
Bones
0%
Borrowed
0%
Box
0%
Brightest
0%
Brink
0%
Called
0%
Calypso
0%
Candor
0%
Cannot
0%
Catcher
0%
Cease
0%
Cerritos
0%
Cracked
0%
Cradle
0%
Crossfire
0%
Crossroads
0%
Curious
0%
Dangerous
0%
Deadlock
0%
Devourer
0%
Dilated
0%
Disengage
0%
Dos
0%
Dot
0%
Dreadnought
0%
E²
0%
Edict
0%
Edward
0%
Empathalogical
0%
Emperor's
0%
Energies
0%
Envoys
0%
Ephraim
0%
Erigah
0%
Examples
0%
Excretus
0%
Exotic
0%
Fallacies
0%
Farewell
0%
Farms
0%
Ferengi's
0%
Fissure
0%
Flashback
0%
Fully
0%
Galactic
0%
Gazer
0%
Gravity
0%
Grounded
0%
Growth
0%
Gumato
0%
Hegemony
0%
Hotel
0%
Humongous
0%
Illyria
0%
Imposter
0%
Imposters
0%
Itself
0%
Jinaal
0%
Juggernaut
0%
Kayshon
0%
Kobayashi
0%
Labyrinths
0%
Lagrange
0%
Legends
0%
Lifesigns
0%
Lift
0%
Macrocosm
0%
Ménage
0%
Maps
0%
Maru
0%
Masquerade
0%
Mathematically
0%
Mechanics
0%
Mindwalk
0%
Mining
0%
Mirrors
0%
Mugato
0%
Must
0%
Nanite
0%
Nepenthe
0%
Observer's
0%
Open
0%
Ouroboros
0%
Paradoxus
0%
Parth
0%
Penance
0%
Phantasms
0%
Pieces
0%
Possible
0%
Preludes
0%
Protostar
0%
Provocations
0%
Q2
0%
Q&A
0%
Reach
0%
Reflections
0%
Rhapsody
0%
Rising
0%
Room
0%
Rosetta
0%
Saves
0%
Saviors
0%
Scavengers
0%
Scientists
0%
Seconds
0%
Self
0%
Serene
0%
Seventeen
0%
Shadowplay
0%
Something
0%
Sources
0%
Species
0%
Squall
0%
Starbase
0%
Starstruck
0%
Stormy
0%
Subspace
0%
Suffering
0%
Surrender
0%
Suspicions
0%
Tank
0%
Temporal
0%
Ten-C
0%
Terminal
0%
Thine
0%
Trust
0%
Trusted
0%
Trying
0%
Twin
0%
Twovix
0%
Võx
0%
Veritas
0%
Vexilon
0%
Weather
0%
Whistlespeak
0%
Yet
0%
No matching quizzes found
Score Distribution
Percent of People with Each Score
Percentile by Number Answered
Your Score History
You have not taken this quiz